00484 2200181 4500245005000000020002200050250001100072100002400083700001200107700001100119650002100130005001900151260007600170041001400246084001000260300002300270336000900293 aRumah Baru BesudutcRini Febriani HaurihText a978-602-437-834-9 aCet. 1 aRini Febriani Hauri aEffendi aKaniah aCerita Bergambar a20240926141031 aJakartabKementerian Pendidikan, Kebudayaan, Riset, dan Teknologic2019 aIndonesia a741.5 a26 hlm. :c29,7 cm atext